| Tag |
First Indicator |
Second Indicator |
Subfields |
| LEADER |
00000cgm a2200000Mi 4500 |
| 001 |
in00005537814 |
| 006 |
m o c |
| 007 |
cr |n||||||||a |
| 007 |
vz |za|z| |
| 008 |
160815s1979 xx 025 e o vleng d |
| 005 |
20241201225616.4 |
| 035 |
|
|
|a (OCoLC)ocn957524330
|
| 040 |
|
|
|a ALSTP
|b eng
|e rda
|e pn
|c ALSTP
|d OCLCF
|d UPM
|d WAU
|d OCLCQ
|d OCLCO
|d CAUOI
|d OCLCA
|d WYU
|d OCLCO
|d OCLCL
|d NUI
|
| 019 |
|
|
|a 957520640
|a 1430850833
|a 1444017268
|
| 035 |
|
|
|a (OCoLC)957524330
|z (OCoLC)957520640
|z (OCoLC)1430850833
|z (OCoLC)1444017268
|
| 043 |
|
|
|a nwtr---
|
| 049 |
|
|
|a TXAM
|
| 245 |
0 |
0 |
|a Morral.
|n Episode 10,
|p The right to enjoy these rights regardless of race, colour, sex, religion, national or social origin.
|n Part 1 /
|c directed by Anthony Hall, Christopher Laird ; producer, Bruce Paddington ; a Banyan production.
|
| 246 |
1 |
0 |
|a Right to enjoy these rights regardless of race, colour, sex, religion, national or social origin
|
| 264 |
|
1 |
|a [Place of publication not identified] :
|b [publisher not identified],
|c 1979.
|
| 300 |
|
|
|a 1 online resource (25 min.)
|
| 306 |
|
|
|a 002504
|
| 336 |
|
|
|a two-dimensional moving image
|b tdi
|2 rdacontent
|
| 337 |
|
|
|a video
|b v
|2 rdamedia
|
| 337 |
|
|
|a computer
|b c
|2 rdamedia
|
| 338 |
|
|
|a other
|b vz
|2 rdacarrier
|
| 338 |
|
|
|a online resource
|b cr
|2 rdacarrier
|
| 347 |
|
|
|a data file
|2 rda
|
| 490 |
0 |
|
|a Academic Video Online
|
| 500 |
|
|
|a Title from resource description page (viewed August 15, 2016).
|
| 520 |
|
|
|a Drama series on the United Nations Rights of the Child to mark International Year of the Child.
|
| 546 |
|
|
|a In English.
|
| 650 |
|
0 |
|a Children's rights
|z Trinidad and Tobago
|v Drama.
|
| 650 |
|
0 |
|a Children
|z Trinidad and Tobago
|x Social life and customs
|v Drama.
|
| 650 |
|
0 |
|a Children
|x Legal status, laws, etc.
|z Trinidad and Tobago
|v Drama.
|
| 650 |
|
7 |
|a Children
|x Legal status, laws, etc.
|2 fast
|0 (OCoLC)fst00855046
|
| 650 |
|
7 |
|a Children
|x Social life and customs.
|2 fast
|0 (OCoLC)fst00855148
|
| 650 |
|
7 |
|a Children's rights.
|2 fast
|0 (OCoLC)fst00856519
|
| 651 |
|
7 |
|a Trinidad and Tobago.
|2 fast
|0 (OCoLC)fst01211577
|1 https://id.oclc.org/worldcat/entity/E39PBJd3Qhcfgyjgt7QFBtRVG3
|
| 655 |
|
7 |
|a Drama.
|2 fast
|0 (OCoLC)fst01423879
|
| 655 |
|
7 |
|a Fiction television programs.
|2 fast
|0 (OCoLC)fst01710265
|
| 655 |
|
7 |
|a Fiction television programs.
|2 lcgft
|
| 655 |
|
7 |
|a Fictions télévisées.
|2 rvmgf
|
| 700 |
1 |
|
|a Hall, Tony,
|d 1948-
|e director.
|1 https://id.oclc.org/worldcat/entity/E39PCjB9yYwpVD3wF4kJhy98fm
|
| 700 |
1 |
|
|a Paddington, Bruce,
|e producer.
|
| 700 |
1 |
|
|a Laird, Christopher,
|e director.
|
| 710 |
2 |
|
|a Banyan Ltd.,
|e production company.
|
| 758 |
|
|
|i has work:
|a Morral Part 1 Episode 10 The right to enjoy these rights regardless of race, colour, sex, religion, national or social origin (MovingImage)
|1 https://id.oclc.org/worldcat/entity/E39PCGcXDf9Vk6Pjf93QVYWX7d
|4 https://id.oclc.org/worldcat/ontology/hasWork
|
| 856 |
4 |
0 |
|u http://proxy.library.tamu.edu/login?url=https://www.aspresolver.com/aspresolver.asp?MARC;3259491
|z Connect to this streaming video (Alexander Street Press)
|t 0
|
| 955 |
|
|
|a Alexander Street Press subscription streaming video
|
| 994 |
|
|
|a 92
|b TXA
|
| 999 |
f |
f |
|s ea1276c4-614f-4055-bf06-446967a5ff0e
|i 9fbda7d9-921f-4a23-ab8e-54f87bcbb920
|t 0
|
| 952 |
f |
f |
|a Texas A&M University
|b College Station
|c Electronic Resources
|d Available Online
|t 0
|h Library of Congress classification
|
| 998 |
f |
f |
|t 0
|l Available Online
|